Normal view
MARC view
Entry Personal Name
001 - CONTROL NUMBER
- control field: 264323
003 - CONTROL NUMBER IDENTIFIER
- control field: OSt
005 - DATE AND TIME OF LATEST TRANSACTION
- control field: 20260522111713.0
008 - FIXED-LENGTH DATA ELEMENTS
- fixed length control field: 260522|| aca||aabn | a|a d
040 ## - CATALOGING SOURCE
- Original cataloging agency: OSt
- Transcribing agency: OSt
100 ## - HEADING--PERSONAL NAME
- Personal name: JEROME DISOJA,Ed
- Dates associated with a name: ಜೆರೋಮ್ ಡಿಸೋಜ , ಸಂ
670 ## - SOURCE DATA FOUND
- Source citation: Work cat.: (OSt)213461: JEROME DISOJA,Ed ಜೆರೋಮ್ ಡಿಸೋಜ , ಸಂ ., Samajika vishleshane karyakartarige kaipidi Bhaga 2., 2000